000 00949nam a2200265 4500
003 LK-CoMWRAF
005 20231006111557.0
008 231006b2000 |||||||| |||| 00| 0 eng d
020 _a155963748X
040 _aLK-CoMWRAF
_dLK-CoMWRAF
_eLK-CoMWRAF
041 _aeng
082 _a291.1
_bCON
245 _aConsumption, population, and sustainability:
_b perspectives from science and religion
260 _aWashington, D.C.:
_bIsland Press,
_c2000
300 _axi, 355 p. : ill. ; 24 cm.
_bindex included
650 _aCONSUMPTION(ECONOMICS)-Religious aspects
650 _aConsumption (Economics)--Moral and ethical aspects
650 _aPopulation policy--Religious aspects
650 _aPopulation policy--Moral and ethical aspects
650 _aSustainable development--Moral and ethical aspects
700 _aChapman, Audrey R.
_eed.
700 _aPetersen, Rodney L.
_eed.
700 _aSmith-Moran, Barbara.
_eed.
942 _cBK
999 _c3791
_d3791